| 000 | 00388nam a2200157Ia 4500 | ||
|---|---|---|---|
| 005 | 20250425040927.0 | ||
| 008 | 240331s9999 xx 000 0 und d | ||
| 020 | _a955205348 | ||
| 082 |
_bJAY _a891 |
||
| 100 | _aJayakody,S | ||
| 245 | 0 | _aKarnalge birindawaru 2 | |
| 260 |
_aColombo _bGodage & Brothers _c2001 |
||
| 300 | _aVii, 227 p ., ( P 2) | ||
| 650 | _aSinhala Fiction | ||
| 942 | _cL | ||
| 999 |
_c5251 _d5251 |
||